<?xml version="1.0" encoding="UTF-8"?>
<record
    xmlns:xsi="http://www.w3.org/2001/XMLSchema-instance"
    xsi:schemaLocation="http://www.loc.gov/MARC21/slim http://www.loc.gov/standards/marcxml/schema/MARC21slim.xsd"
    xmlns="http://www.loc.gov/MARC21/slim">

  <leader>01492nam a2200229Ia 4500</leader>
  <controlfield tag="001">a1663-42129 </controlfield>
  <controlfield tag="003">IT-MiCISF</controlfield>
  <controlfield tag="005">20230307151826.0</controlfield>
  <controlfield tag="008">161014s9999||||xx |||||||||||||| ||und||</controlfield>
  <datafield tag="040" ind1=" " ind2=" ">
    <subfield code="a">IT-MiCISF</subfield>
    <subfield code="c">IT-MiCISF</subfield>
  </datafield>
  <datafield tag="041" ind1=" " ind2=" ">
    <subfield code="a">it</subfield>
  </datafield>
  <datafield tag="100" ind1=" " ind2=" ">
    <subfield code="a">Bartolucci Rossella, Marabelli Fara</subfield>
    <subfield code="9">59641</subfield>
  </datafield>
  <datafield tag="245" ind1=" " ind2="0">
    <subfield code="a">Volando con le cicogne.</subfield>
    <subfield code="b">Consigli per aiutarle a sceglierci. Storie di coppie infertili, prima e dopo la nuova legge</subfield>
  </datafield>
  <datafield tag="260" ind1=" " ind2=" ">
    <subfield code="b">Editrice Mammeonline,</subfield>
    <subfield code="c">2004,</subfield>
    <subfield code="a">Foggia</subfield>
  </datafield>
  <datafield tag="300" ind1=" " ind2=" ">
    <subfield code="a">pp. 285</subfield>
  </datafield>
  <datafield tag="500" ind1=" " ind2=" ">
    <subfield code="a"> / procreazione-artificiale, coppia, esperienze, sterilit&#xE0;, indirizzi / </subfield>
  </datafield>
  <datafield tag="520" ind1=" " ind2=" ">
    <subfield code="a">Nel volume si racconta il cammino da percorrere quando si affronta la fecondazione assistita. Prima, durante e dopo sono i passaggi che si devono affrontare, dalla scoperta di una difficolt&#xE0; a concepire, agli esami da fare, alle terapie e possibili soluzioni. Un capitolo &#xE8; dedicato alla nuova legge sulla fecondazione assistita, e cosa succeder&#xE0; secondo gli AA. con la sua approvazione. Per chi vuole andare all'estero, viene fornito un elenco di centri dove &#xE8; possibile sottoporsi a fecondazione assistita, con i contatti e i siti internet, e con un occhio alle normative in vigore. Il filo che lega tutto il libro &#xE8; rappresentato dalle storie delle coppie alle prese con la fecondazione assistita, alcune con il lieto fine, altre con il finale ancora aperto.</subfield>
  </datafield>
  <datafield tag="650" ind1=" " ind2=" ">
    <subfield code="a"> procreazione</subfield>
    <subfield code="e">001</subfield>
    <subfield code="9">56309</subfield>
  </datafield>
  <datafield tag="654" ind1=" " ind2=" ">
    <subfield code="a">saggio</subfield>
  </datafield>
  <datafield tag="942" ind1=" " ind2=" ">
    <subfield code="c">BK</subfield>
    <subfield code="2">ddc</subfield>
  </datafield>
  <datafield tag="999" ind1=" " ind2=" ">
    <subfield code="c">217547</subfield>
    <subfield code="d">217547</subfield>
  </datafield>
  <datafield tag="999" ind1=" " ind2=" ">
    <subfield code="b">si</subfield>
  </datafield>
  <datafield tag="952" ind1=" " ind2=" ">
    <subfield code="0">0</subfield>
    <subfield code="1">0</subfield>
    <subfield code="4">0</subfield>
    <subfield code="6">A_166342129</subfield>
    <subfield code="7">1</subfield>
    <subfield code="a">CISF</subfield>
    <subfield code="b">CISF</subfield>
    <subfield code="d">2016-10-14</subfield>
    <subfield code="l">0</subfield>
    <subfield code="o">a1663-42129 </subfield>
    <subfield code="r">2016-10-14 00:00:00</subfield>
    <subfield code="w">2016-10-14</subfield>
    <subfield code="y">BK</subfield>
    <subfield code="z">Data import 15.10.2016 / by Epidotti, Vaglietti</subfield>
  </datafield>
</record>
